| 000 | 00459nam a22001577a 4500 | ||
|---|---|---|---|
| 005 | 20180305120650.0 | ||
| 008 | 170717b xxu||||| |||| 00| 0 eng d | ||
| 020 | _a0852246307 | ||
| 040 | _cPK-LaUMT | ||
| 082 |
_aZIAC 144.09 _bMAK-R |
||
| 100 | _aMakdisi , George | ||
| 245 |
_aThe rise of humanism in classical Islam and the christian west/ _cGeorge Makdisi |
||
| 260 |
_aEdinburgh: _bEdinburgh University Press, _c1990 |
||
| 300 | _a431 p. | ||
| 942 | _cBK | ||
| 999 |
_c95239 _d95239 |
||